| 000 | 00655nam a2200229 4500 | ||
|---|---|---|---|
| 001 | 2658133 | ||
| 005 | 20180221035911.0 | ||
| 008 | 720830s1972 maua bs 001 0 eng | ||
| 010 | _a 71174597 | ||
| 020 | _a0669812161 | ||
| 040 |
_aDLC _cDLC _dDLC |
||
| 041 | _aeng | ||
| 043 | _an-us--- | ||
| 080 | _a338.973 MIL | ||
| 082 | 0 | 0 | _a338.973 MIL |
| 100 | _a52 | ||
| 101 | _aEKO | ||
| 245 | 0 | 0 |
_aAlleviating economic distress; _c[by] Raymond H. Milkman [and others] Foreword by Carl Albert. |
| 504 | _aIncludes bibliographical references. | ||
| 906 |
_a7 _bcbc _corignew _d2 _encip _f19 _gy-gencatlg |
||
| 942 |
_2ddc _cBK |
||
| 999 |
_c43004 _d43004 |
||